=LDR 00000nam 2200000 4500 =001 INLIS000000000051413 =005 20210816073304 =035 ##$$a 0010-0917000217 =007 ta =008 210816################d##########e#ind## =020 ##$$a 978.602.1707.64-7 =082 ##$$a 030 =084 ##$$a R.030 DAR m =100 #$$a Daru Wijayanti =245 1#$$a Menjelajah keajaiban dunia dalam 365 hari /$c Daru Wijayanti, S.S =260 ##$$a Yogyakarta :$b Indoliterasi,$c 2016 =300 ##$$a v, 578 hlm. : $b ilus. ; $c 12 x 16 cm =650 #4$$a Ensiklopedi Umum =990 ##$$a 21703540 =990 ##$$a 21703539 =990 ##$$a 21703538 =990 ##$$a 21703537 =990 ##$$a 21703536 =990 ##$$a 21703539 =990 ##$$a 21703540 =990 ##$$a 21703538 =990 ##$$a 21703537 =990 ##$$a 21703536